logo

Bir Sreshtho Munshi Abdur Rouf Library
Jhenaidah Cadet College

Asoka and The Decline The Mauryas / (Record no. 4656)

MARC details
000 -LEADER
fixed length control field 00572nam a2200217 a 4500
001 - CONTROL NUMBER
JCCL Control Number 4656
003 - CONTROL NUMBER IDENTIFIER
JCCL marc code BD-JhCC
005 - DATE AND TIME OF LATEST TRANSACTION
control field 20171129200701.0
008 - FIXED-LENGTH DATA ELEMENTS--GENERAL INFORMATION
fixed length control field 171129s19631973ii b|||| ||a| 001 0 eng d
035 ## - SYSTEM CONTROL NUMBER
system control number (BD-JhCC)4656
040 ## - CATALOGING SOURCE
Original cataloging agency BD-JhCC
Modifying agency BD-JhCC
041 ## - LANGUAGE CODE
Language code of Book eng
082 ## - DEWEY DECIMAL CLASSIFICATION NUMBER
Classification number 934.045
Author mark and Year THA 1963
100 ## - MAIN ENTRY--PERSONAL NAME
Personal name Thapar, Romila
245 ## - TITLE STATEMENT
Title Asoka and The Decline The Mauryas /
Statement of responsibility, etc Thapar, Romila
260 ## - PUBLICATION, DISTRIBUTION, ETC. (IMPRINT)
Place of publication, distribution, etc Delhi :
Name of publisher, distributor, etc Oxford University Press,
Date of publication, distribution, etc 1973.
300 ## - PHYSICAL DESCRIPTION
Pagination 285 p. :
Dimensions 19 cm.
Other physical details illu;
650 ## - SUBJECT ADDED ENTRY--TOPICAL TERM
Topical term or geographic name as entry element Kings and Rulers
Geographic subdivision India
942 ## - ADDED ENTRY ELEMENTS (KOHA)
Source of classification or shelving scheme Dewey Decimal Classification
Koha item type Books
Holdings
Source of classification or shelving scheme Damaged status Not for loan Home library Current library Shelving location Date of accession Total Checkouts Full call number Barcode Date last seen Copy number Koha item type
Dewey Decimal Classification     JCC Rouf Library JCC Rouf Library General Stacks 11/29/2017   934.045 THA 1963 6517 11/29/2017 C-1 Books

JCC Library | Contacts | JCC Home

Last Update on 23 September 2017
Copyright @ 2017-2020 JCC Rouf Library
Rouf Library, Jhenidah Cadet College (JCC), Bangladesh